000 00929nam a2200289 a 4500
999 _c18520
_d18520
001 1369002
003 BDDh-ASL
005 20231015025718.0
008 810312s1980 ii acf b 000 0 eng
010 _a 80905004
020 _cRs125.00
040 _aDLC
_cDLC
_dBDDh-ASL
043 _aa-ii---
050 0 0 _aHC435.2
_b.T53 1980
082 0 0 _a954
_220
_bTHS
100 1 _aThorner, Daniel.
245 1 4 _aThe shaping of modern India /
_cby Daniel Thorner.
260 _aNew Delhi :
_bPublished for Sameeksha Trust by Allied Publishers,
_c1980.
300 _axviii, 404 p., [1] leaf of plates :
_bill., port. ;
_c22 cm.
504 _aIncludes bibliographical references and index.
651 0 _aIndia
_xEconomic conditions
_y1947-
651 0 _aIndia
_xSocial conditions
_y1947-
651 0 _aIndia
_xRural conditions.
906 _a7
_bcbc
_corignew
_d4
_encip
_f19
_gy-gencatlg
942 _2ddc
_cBK